00000000nam 2200000zi 4500
0019.957901
003CaOODSP
00520251202153020
006m     o  d f      
007cr |n|||||||||
008251202t20042004onca    ob   f|0| 0 eng d
020 |z066236161X
040 |aCaOODSP|beng|erda|cCaOODSP
043 |an-cn---
0861 |aNM95-59/10-2004E-PDF|zNM95-59/10-2004E
1001 |aBarclay, R. L. |q(Robert L.)|eauthor.
24514|aThe gentle art of applied pressure / |cby Robert Barclay, Carole Dignard, and Carl Schlichting.
264 1|aOttawa : |bCanadian Conservation Institute = Institut canadien de conservation, |c2004.
264 4|c©2004
300 |a1 online resource (iii, 44 pages) : |billustrations
336 |atext|btxt|2rdacontent
337 |acomputer|bc|2rdamedia
338 |aonline resource|bcr|2rdacarrier
500 |aIssued also in French under title: L'art d'appliquer de la pression : enjeux, outils et techniques.
504 |aIncludes bibliographical references (page 44).
650 0|aPressure|xEquipment and supplies.
650 0|aMuseum conservation methods|zCanada.
650 0|aAntiquities|xCollection and preservation|zCanada.
7102 |aCanadian Conservation Institute, |eissuing body.
77508|tL'art d'appliquer de la pression : |w(CaOODSP)9.957902
85640|qPDF|s26.60 MB|uhttps://publications.gc.ca/collections/collection_2025/pch/NM95-59-10-2004-eng.pdf